Alternative Dispute Resolution (ADR) for Consumer Disputes in the Slovak Republic
Uplatňovanie zákona o alternatívnom riešení spotrebiteľských sporov a smernice o alternatívnom riešení spotrebiteľských sporov subjektmi alternatívneho riešenia sporov (ARS) v domácich sporoch a jeho vývoj v rokoch 2016-2019. Na základe povinnosti subjektov ARS zverejňovanie výročných správ o postup...
Salvato in:
| Autore principale: | |
|---|---|
| Natura: | Capitolo di libro |
| Lingua: | inglese |
| Soggetti: | |
| Tags: |
Nessun Tag, puoi essere il primo ad aggiungerne!!
|
MARC
| LEADER | 00000naa a2200000 4500 | ||
|---|---|---|---|
| 001 | 0270994 | ||
| 005 | 20240502074244.5 | ||
| 041 | 0 | |a eng | |
| 044 | |a SK | ||
| 245 | 1 | 0 | |a Alternative Dispute Resolution (ADR) for Consumer Disputes in the Slovak Republic |c Lenka Vačoková |
| 520 | |a Uplatňovanie zákona o alternatívnom riešení spotrebiteľských sporov a smernice o alternatívnom riešení spotrebiteľských sporov subjektmi alternatívneho riešenia sporov (ARS) v domácich sporoch a jeho vývoj v rokoch 2016-2019. Na základe povinnosti subjektov ARS zverejňovanie výročných správ o postupoch ARS s povinnými informáciami a preskúmanie postupov ARS na území Slovenska. | ||
| 610 | 2 | 0 | |a spory súdne |
| 610 | 2 | 0 | |a obchod |
| 610 | 2 | 0 | |a správanie spotrebiteľa |
| 610 | 2 | 0 | |a osoby právnické |
| 100 | 1 | |a Vačoková, Lenka, 1983- | |